Time is on its side (Record no. 76854)
[ view plain ]
| 000 -LEADER | |
|---|---|
| fixed length control field | 01329cab a2200205 4500 |
| 001 - CONTROL NUMBER | |
| control field | ##L133196 |
| 008 - FIXED-LENGTH DATA ELEMENTS--GENERAL INFORMATION | |
| fixed length control field | 060420n2006 000 0 eng u |
| 035 ## - SYSTEM CONTROL NUMBER | |
| System control number | (Sirsi) u133196 |
| 041 0# - LANGUAGE CODE | |
| Language code of text/sound track or separate title | eng |
| 100 1# - MAIN ENTRY--PERSONAL NAME | |
| Personal name | Blackler, Tony |
| 245 00 - TITLE STATEMENT | |
| Title | Time is on its side |
| 260 ## - PUBLICATION, DISTRIBUTION, ETC. | |
| Date of publication, distribution, etc. | 2006 |
| 490 #0 - SERIES STATEMENT | |
| Series statement | Building |
| Volume/sequential designation | 271(8426) 13 April 2006, 59(1) |
| 520 ## - SUMMARY, ETC. | |
| Summary, etc. | Argues that the provisions as to terminal float in NEC3 encourage collaborative working and transparency, in that whilst a contractor is obliged to disclose the float in its programme, it is entitled to preserve it when changes are made to the completion date. Any delay caused to planned completion by a compensation event is added on to the completion date, even if this occurs through contractor default. Also considers ownership of the float, arguing that the Society of Construction Law's (SCL's) guidance that it should be owned by the project is unsatisfactory, and looks at whether a contractor can claim for loss and expense if it is prevented from achieving its own completion date. |
| 590 ## - LOCAL NOTE (RLIN) | |
| Local note | IKA250406 |
| 650 24 - SUBJECT ADDED ENTRY--TOPICAL TERM | |
| Topical term or geographic name entry element | NEW ENGINEERING CONTRACT (THIRD EDITION) |
| 650 24 - SUBJECT ADDED ENTRY--TOPICAL TERM | |
| Topical term or geographic name entry element | GLENLION CONSTRUCTION LTD V THE GUINNESS TRUST |
| 690 ## - LOCAL SUBJECT ADDED ENTRY--TOPICAL TERM (OCLC, RLIN) | |
| Topical term or geographic name as entry element | BUILT ENVIRONMENT-BUILDING CONTRACT FORMS-STANDARD FORMS OF BUILDING CONTRACT-NEW ENGINEERING CONTRACT CONTRACTS |
| 942 ## - ADDED ENTRY ELEMENTS (KOHA) | |
| Suppress in OPAC | 0 |
| Withdrawn status | Lost status | Source of classification or shelving scheme | Damaged status | Not for loan | Home library | Current library | Shelving location | Date acquired | Total Checkouts | Full call number | Barcode | Date last seen | Copy number | Price effective from | Koha item type |
|---|---|---|---|---|---|---|---|---|---|---|---|---|---|---|---|
| Dewey Decimal Classification | London | London | Journal article | 20/04/2006 | L133196 | 133196-1001 | 06/08/2019 | 1 | 06/08/2019 | Journal article |